Nu xoru jñatrjo = Mi libro mazahua-primer grado : (Record no. 98257)

MARC details
000 -CABECERA
campo de control de longitud fija 00828nam a2200241 a 4500
003 - IDENTIFICADOR DEL NÚMERO DE CONTROL
campo de control MX-MxUPN
005 - FECHA Y HORA DE LA ÚLTIMA TRANSACCIÓN
campo de control 20221118063934.0
008 - ELEMENTOS DE LONGITUD FIJA--INFORMACIÓN GENERAL
campo de control de longitud fija 030618s1983 mx a r 000 0 spa d
020 ## - NÚMERO INTERNACIONAL NORMALIZADO PARA LIBROS
Número Internacional Estándar del Libro 9688047627
035 ## - NÚMERO DE CONTROL DEL SISTEMA
Número de control de sistema UPN01000126078
040 ## - FUENTE DE LA CATALOGACIÓN
Centro catalogador/agencia de origen MX-MxUPN
Lengua de catalogación spa
Centro/agencia transcriptor MX-MxUPN
041 0# - CÓDIGO DE IDIOMA
Código de lengua del texto/banda sonora o título independiente spa
050 14 - SIGNATURA TOPOGRÁFICA DE LA BIBLIOTECA DEL CONGRESO
Número de clasificación LB1578 A339
Número de documento/Ítem S35 1983
100 1# - ASIENTO PRINCIPAL--NOMBRE PERSONAL
Nombre de persona Sánchez Gómez, Pablo
9 (RLIN) 29933
100 1# - ASIENTO PRINCIPAL--NOMBRE PERSONAL
Nombre de persona Carrillo Basilio, Balbino
9 (RLIN) 47393
245 10 - MENCIÓN DE TÍTULO
Título Nu xoru jñatrjo = Mi libro mazahua-primer grado :
Resto del título Estado de México /
Mención de responsabilidad, etc. Pablo Sánchez Gómez, Balbino Carrillo Basilio.
250 ## - MENCIÓN DE EDICIÓN
Mención de edición Primera edición.
260 ## - PUBLICACIÓN, DISTRIBUCIÓN, ETC.
Lugar de publicación, distribución, etc. México, D.F. :
Nombre del editor, distribuidor, etc. Secretaría de Educación Pública,
Fecha de publicación, distribución, etc. 1983
300 ## - DESCRIPCIÓN FÍSICA
Extensión 349 páginas :
Otras características físicas ilustraciones
650 #4 - ASIENTO SECUNDARIO DE MATERIA - TERMINO TEMATICO
Término de materia o nombre geográfico como elemento de entrada Cartilla mazahua
9 (RLIN) 8083
650 #4 - ASIENTO SECUNDARIO DE MATERIA - TERMINO TEMATICO
Término de materia o nombre geográfico como elemento de entrada Mazahua
Subdivisión general Estudio y enseñanza (Elemental)
9 (RLIN) 27490
905 ## - TIPO DE MATERIAL
Tipo de material Libro
Holdings
Estado de retiro Estado de pérdida Fuente del sistema de clasificación o colocación Estado dañado No para préstamo Código de colección Localización permanente Ubicación/localización actual Ubicación en estantería Fecha de adquisición Clasificación Código de barras Fecha visto por última vez Tipo de ítem Koha
    Library of Congress Classification   Disponible (Préstamo en sala) Libros de texto gratuitos Bib. Gregorio Torres Quintero Bib. Gregorio Torres Quintero Colecciones especiales Planta alta 17/11/2022 LB1578 A339 S35 1983 68239 31/12/2020 Libro